[Event "Muensterland Verbandsklasse 2526"]
[Site "Germany"]
[Date "2026.04.25"]
[Round "8"]
[Board "7"]
[White "Grasse, Herbert"]
[Black "Tillkorn, Moritz"]
[Result "1-0"]
[WhiteElo "1729"]
[BlackElo "1573"]
[WhiteFideId "-1"]
[BlackFideId "-1"]
[PlyCount "149"]
[GameId "2304342518046720"]
[EventDate "2025.??.??"]
[EventType "team-tourn"]
[EventRounds "9"]
[EventCountry "GER"]
[SourceTitle "Verband Muensterland"]
[SourceDate "2026.01.17"]
[SourceVersion "1"]
[SourceVersionDate "2026.01.17"]
[SourceQuality "1"]
[WhiteTeam "Nordkirchen"]
[BlackTeam "Drensteinfurt"]
[WhiteTeamCountry "GER"]
[BlackTeamCountry "GER"]

1. Nf3 d5 2. g3 Nf6 3. Bg2 Bf5 4. O-O c5 5. d3 Nc6 6. Nbd2 e6 7. h3 h6 8. b3 Be7 9. Bb2 O-O 10. a3 Qc7 11. e3 Rac8 12. Qe2 Rfd8 13. Nh4 Bh7 14. f4 d4 15. e4 e5 16. f5 b5 17. Nhf3 Nh5 18. Kh2 g6 19. Bc1 g5 20. Nxg5 Nxg3 21. Kxg3 Bxg5 22. Qg4 Kh8 23. Kh2 Rg8 24. Qe2 Bf4+ 25. Kh1 Rg3 26. Rf3 Rcg8 27. Rxg3 Rxg3 28. Nf1 Rg5 29. Bxf4 exf4 30. h4 Rg7 31. Nh2 Qe7 32. Qf2 Qd6 33. a4 b4 34. Rf1 f6 35. Qf3 Bg8 36. Qh5 Bf7 37. Qxh6+ Rh7 38. Qxf4 Qxf4 39. Rxf4 Ne5 40. Nf3 Bh5 41. Nxe5 fxe5 42. Rf1 Be2 43. Re1 Rxh4+ 44. Kg1 Bh5 45. Rf1 Rf4 46. Re1 Kg7 47. Bf1 Rg4+ 48. Kf2 Rf4+ 49. Kg3 Kf6 50. Be2 Bxe2 51. Rxe2 Rf1 52. Rg2 Rh1 53. Kf2 Rh7 54. Rg6+ Kf7 55. Ra6 Rh2+ 56. Kg3 Rxc2 57. Rxa7+ Kf8 58. f6 Rc3 59. Kg4 Rxd3 60. Kf5 Rg3 61. Ke6 Kg8 62. Ra8+ Kh7 63. f7 Rg6+ 64. Kf5 Rg1 65. f8=Q Rf1+ 66. Kxe5 Rxf8 67. Rxf8 c4 68. Kxd4 c3 69. Rc8 Kg6 70. a5 Kf7 71. a6 c2 72. Rxc2 Ke6 73. a7 Kd6 74. a8=Q Ke6 75. Rc6+ 1-0

[Event "Muensterland Verbandsklasse 2526"]
[Site "Germany"]
[Date "2026.04.25"]
[Round "8"]
[Board "8"]
[White "Dik, Johann"]
[Black "Droste, Michael"]
[Result "1/2-1/2"]
[WhiteElo "1470"]
[BlackElo "1536"]
[WhiteFideId "-1"]
[BlackFideId "-1"]
[PlyCount "65"]
[GameId "2304342555795456"]
[EventDate "2025.??.??"]
[EventType "team-tourn"]
[EventRounds "9"]
[EventCountry "GER"]
[SourceTitle "Verband Muensterland"]
[SourceDate "2026.01.17"]
[SourceVersion "1"]
[SourceVersionDate "2026.01.17"]
[SourceQuality "1"]
[WhiteTeam "Drensteinfurt"]
[BlackTeam "Nordkirchen"]
[WhiteTeamCountry "GER"]
[BlackTeamCountry "GER"]

1. e4 e5 2. Bc4 Bc5 3. Nf3 Nc6 4. d3 h6 5. O-O Nf6 6. h3 O-O 7. Nc3 d6 8. a3 a5 9. Ne2 Ne7 10. Ng3 Ng6 11. c3 c6 12. d4 Ba7 13. Qb3 b5 14. Bd3 a4 15. Qc2 Bd7 16. Rd1 Qc8 17. Nf5 Bxf5 18. exf5 Nf4 19. dxe5 Nxd3 20. Qxd3 dxe5 21. Nxe5 Bb8 22. Nf3 Qc7 23. g3 Nh5 24. Nh4 Ba7 25. Kg2 Rad8 26. Qf3 Nf6 27. Bf4 Qc8 28. Be5 Nd7 29. Bf4 Nf6 30. g4 Nd5 31. Be5 f6 32. Bg3 Rd7 33. Re1 1/2-1/2

[Event "Muensterland Verbandsklasse 2526"]
[Site "Germany"]
[Date "2026.04.25"]
[Round "8"]
[Board "1"]
[White "Pinno, Gregor"]
[Black "Welling, Konrad"]
[Result "1-0"]
[WhiteElo "1976"]
[BlackElo "1835"]
[WhiteFideId "-1"]
[BlackFideId "-1"]
[PlyCount "91"]
[GameId "2095106920076468"]
[EventDate "2025.??.??"]
[EventType "team-tourn"]
[EventRounds "9"]
[EventCountry "GER"]
[SourceTitle "Verband Muensterland"]
[SourceDate "2026.01.17"]
[SourceVersion "1"]
[SourceVersionDate "2026.01.17"]
[SourceQuality "1"]
[WhiteTeam "Olfen"]
[BlackTeam "Bocholt II"]
[WhiteTeamCountry "GER"]
[BlackTeamCountry "GER"]

1. Nf3 Nf6 2. g3 d5 3. Bg2 c6 4. O-O e6 5. d3 Be7 6. Nbd2 O-O 7. e4 a5 8. e5 Nfd7 9. Re1 f6 10. exf6 Nxf6 11. Nd4 Bc5 12. N2f3 Re8 13. c3 Bd6 14. Ne5 Nbd7 15. f4 Nf8 16. Kh1 Bd7 17. Bh3 c5 18. Ndf3 Bc6 19. Ng5 Qc8 20. Qe2 d4+ 21. Nxc6 Qxc6+ 22. Bg2 Qd7 23. c4 e5 24. f5 Rab8 25. Rf1 b5 26. b3 Qc7 27. g4 bxc4 28. bxc4 Rb6 29. Ne4 N8d7 30. g5 Nxe4 31. Bxe4 Nf8 32. f6 Kh8 33. Qh5 g6 34. Qh6 a4 35. Rf3 Reb8 36. Qh3 Rb1 37. Rxb1 Rxb1 38. Rf1 Qd7 39. Qg2 Ne6 40. Qc2 Rb8 41. Rg1 Bc7 42. Qg2 Rb1 43. Bc6 Qd6 44. Bxa4 Nf4 45. Bxf4 exf4 46. Rxb1 1-0

[Event "Muensterland Verbandsklasse 2526"]
[Site "Germany"]
[Date "2026.04.25"]
[Round "8"]
[Board "2"]
[White "Harbring, Thorben"]
[Black "Limberg, Thomas"]
[Result "0-1"]
[WhiteElo "1743"]
[BlackElo "1815"]
[WhiteFideId "-1"]
[BlackFideId "-1"]
[PlyCount "60"]
[GameId "2095107169440957"]
[EventDate "2025.??.??"]
[EventType "team-tourn"]
[EventRounds "9"]
[EventCountry "GER"]
[SourceTitle "Verband Muensterland"]
[SourceDate "2026.01.17"]
[SourceVersion "1"]
[SourceVersionDate "2026.01.17"]
[SourceQuality "1"]
[WhiteTeam "Bocholt II"]
[BlackTeam "Olfen"]
[WhiteTeamCountry "GER"]
[BlackTeamCountry "GER"]

1. f4 d5 2. Nf3 c5 3. g3 Nf6 4. Bg2 Bf5 5. O-O e6 6. d3 h6 7. Nbd2 Ng4 8. Nb3 Nc6 9. Nh4 Qb6 10. Nxf5 c4+ 11. Kh1 exf5 12. dxc4 dxc4 13. Nd2 Ne3 14. Nxc4 Nxc4 15. Qd5 Nd6 16. e4 fxe4 17. Re1 Be7 18. Be3 Qa5 19. Bc5 O-O 20. c3 Rad8 21. b4 Qc7 22. Qh5 Rfe8 23. g4 b6 24. Bxd6 Bxd6 25. Bxe4 Bxf4 26. Qf5 g6 27. Qf6 Re6 28. Qh4 Rd2 29. Bg2 Ne5 30. Qh3 Nd3 0-1

[Event "Muensterland Verbandsklasse 2526"]
[Site "Germany"]
[Date "2026.04.25"]
[Round "8"]
[Board "3"]
[White "Preuss, Richard"]
[Black "Robeling, Stephan"]
[Result "0-1"]
[WhiteElo "1798"]
[BlackElo "1762"]
[WhiteFideId "-1"]
[BlackFideId "-1"]
[PlyCount "44"]
[GameId "2095107233178822"]
[EventDate "2025.??.??"]
[EventType "team-tourn"]
[EventRounds "9"]
[EventCountry "GER"]
[SourceTitle "Verband Muensterland"]
[SourceDate "2026.01.17"]
[SourceVersion "1"]
[SourceVersionDate "2026.01.17"]
[SourceQuality "1"]
[WhiteTeam "Olfen"]
[BlackTeam "Bocholt II"]
[WhiteTeamCountry "GER"]
[BlackTeamCountry "GER"]

1. e4 e6 2. Nf3 d5 3. exd5 exd5 4. d4 Bf5 5. Bd3 Bxd3 6. Qxd3 c6 7. O-O Be7 8. Re1 Nf6 9. Qe2 Nbd7 10. Nc3 Nf8 11. Ne5 N6d7 12. Qg4 Nxe5 13. dxe5 g6 14. b3 Qa5 15. Bb2 Bb4 16. e6 fxe6 17. Rxe6+ Nxe6 18. Qxe6+ Kd8 19. Re1 Bxc3 20. Qd6+ Kc8 21. b4 Qxb4 22. Qxb4 Bxb4 0-1

[Event "Muensterland Verbandsklasse 2526"]
[Site "Germany"]
[Date "2026.04.25"]
[Round "8"]
[Board "4"]
[White "Tepasse, Wilhelm"]
[Black "Beutelhoff, Josef"]
[Result "0-1"]
[WhiteElo "1677"]
[BlackElo "1820"]
[WhiteFideId "-1"]
[BlackFideId "-1"]
[PlyCount "85"]
[GameId "2095107319190735"]
[EventDate "2025.??.??"]
[EventType "team-tourn"]
[EventRounds "9"]
[EventCountry "GER"]
[SourceTitle "Verband Muensterland"]
[SourceDate "2026.01.17"]
[SourceVersion "1"]
[SourceVersionDate "2026.01.17"]
[SourceQuality "1"]
[WhiteTeam "Bocholt II"]
[BlackTeam "Olfen"]
[WhiteTeamCountry "GER"]
[BlackTeamCountry "GER"]

1. Nf3 Nf6 2. g3 c5 3. c4 Nc6 4. Bg2 g6 5. Nc3 Bg7 6. O-O d6 7. d3 O-O 8. Re1 e5 9. Bg5 h6 10. Bxf6 Bxf6 11. Nd5 Bg7 12. Qd2 Be6 13. Rab1 Bxd5 14. cxd5 Nb4 15. a3 Nxd5 16. Nh4 Ne7 17. Bxb7 Rb8 18. Bf3 Rb3 19. e3 Qb6 20. Bd1 Rxa3 21. Bf3 Rb3 22. Bd1 Rb4 23. b3 a5 24. Bc2 Qb7 25. e4 Nc6 26. Nf3 Qd7 27. Kg2 Qe6 28. Ra1 Kh7 29. Rh1 Bf6 30. h4 Kg7 31. Rhg1 Bd8 32. Bd1 f5 33. Bc2 f4 34. Bd1 d5 35. Kf1 Nd4 36. Nxd4 Rxd4 37. Bf3 dxe4 38. Bxe4 f3 39. Qd1 Qg4 40. Qc2 Bb6 41. Ke1 Rfd8 42. Rd1 a4 43. Kf1 0-1

[Event "Muensterland Verbandsklasse 2526"]
[Site "Germany"]
[Date "2026.04.25"]
[Round "8"]
[Board "5"]
[White "Boenigk, Winfried"]
[Black "Harbring, Morten"]
[Result "0-1"]
[WhiteElo "1750"]
[BlackElo "1535"]
[WhiteFideId "-1"]
[BlackFideId "-1"]
[PlyCount "56"]
[GameId "2095107403830488"]
[EventDate "2025.??.??"]
[EventType "team-tourn"]
[EventRounds "9"]
[EventCountry "GER"]
[SourceTitle "Verband Muensterland"]
[SourceDate "2026.01.17"]
[SourceVersion "1"]
[SourceVersionDate "2026.01.17"]
[SourceQuality "1"]
[WhiteTeam "Olfen"]
[BlackTeam "Bocholt II"]
[WhiteTeamCountry "GER"]
[BlackTeamCountry "GER"]

1. d4 d5 2. c4 e6 3. Nc3 Nf6 4. Nf3 c5 5. cxd5 Nxd5 6. e4 Nxc3 7. bxc3 cxd4 8. cxd4 a6 9. Be2 b5 10. O-O Bb7 11. Qd3 Be7 12. Bb2 Nd7 13. e5 Nb6 14. Nd2 O-O 15. f4 Bd5 16. f5 Na4 17. Bc1 Bg5 18. Nf3 Bc4 19. Bxg5 Bxd3 20. Bxd8 Bxe2 21. Be7 Rfe8 22. f6 Bxf1 23. Rxf1 Nc3 24. Rf2 Nd5 25. Ng5 Nxe7 26. Nxe6 fxe6 27. f7+ Kf8 28. fxe8=Q+ Kxe8 0-1

[Event "Muensterland Verbandsklasse 2526"]
[Site "Germany"]
[Date "2026.04.25"]
[Round "8"]
[Board "6"]
[White "Mager, Helmut"]
[Black "Breuer, Bernd"]
[Result "1/2-1/2"]
[WhiteElo "1515"]
[BlackElo "1764"]
[WhiteFideId "-1"]
[BlackFideId "-1"]
[PlyCount "81"]
[GameId "2095107464140001"]
[EventDate "2025.??.??"]
[EventType "team-tourn"]
[EventRounds "9"]
[EventCountry "GER"]
[SourceTitle "Verband Muensterland"]
[SourceDate "2026.01.17"]
[SourceVersion "1"]
[SourceVersionDate "2026.01.17"]
[SourceQuality "1"]
[WhiteTeam "Bocholt II"]
[BlackTeam "Olfen"]
[WhiteTeamCountry "GER"]
[BlackTeamCountry "GER"]

1. d4 e6 2. c4 Nf6 3. Nc3 c5 4. e3 cxd4 5. exd4 d5 6. cxd5 Nxd5 7. Nf3 Bb4 8. Bd2 Nc6 9. Bb5 Qa5 10. Bxc6+ bxc6 11. Ne4 Nf4 12. O-O Bxd2 13. Qxd2 Qxd2 14. Nexd2 Ne2+ 15. Kh1 Ba6 16. Rfe1 O-O 17. Ne4 Nf4 18. Nc5 Bc4 19. b3 Bd5 20. Re3 Rfd8 21. Rd1 Bxf3 22. Rxf3 e5 23. g3 Ne2 24. Re3 Nxd4 25. Rxe5 Kf8 26. Kg2 Nb5 27. Rc1 Rd5 28. Re4 Re8 29. Rxe8+ Kxe8 30. a4 Nd4 31. Rc3 a5 32. Na6 Kd7 33. b4 axb4 34. Nxb4 Ra5 35. Rc4 c5 36. Nd3 Kd6 37. Nb2 Kd5 38. f3 Ra7 39. Rc3 Rb7 40. Nd3 c4 41. Nf4+ 1/2-1/2

[Event "Muensterland Verbandsklasse 2526"]
[Site "Germany"]
[Date "2026.04.25"]
[Round "8"]
[Board "7"]
[White "Hoppe, Marc"]
[Black "Schneiders, Ben"]
[Result "1-0"]
[WhiteElo "1587"]
[BlackElo "1729"]
[WhiteFideId "-1"]
[BlackFideId "-1"]
[PlyCount "73"]
[GameId "2095107553645802"]
[EventDate "2025.??.??"]
[EventType "team-tourn"]
[EventRounds "9"]
[EventCountry "GER"]
[SourceTitle "Verband Muensterland"]
[SourceDate "2026.01.17"]
[SourceVersion "1"]
[SourceVersionDate "2026.01.17"]
[SourceQuality "1"]
[WhiteTeam "Olfen"]
[BlackTeam "Bocholt II"]
[WhiteTeamCountry "GER"]
[BlackTeamCountry "GER"]

1. c4 Nf6 2. g3 c6 3. Nc3 d5 4. Bg2 d4 5. Ne4 e5 6. d3 Nxe4 7. Bxe4 Bd6 8. e3 dxe3 9. Bxe3 f5 10. Bg2 O-O 11. c5 f4 12. Qb3+ Kh8 13. cxd6 fxe3 14. fxe3 Qxd6 15. Nf3 Nd7 16. O-O-O Nc5 17. Qc3 Bg4 18. Rhf1 Ne6 19. h3 Bxf3 20. Bxf3 Rad8 21. Bg4 Rxf1 22. Rxf1 Ng5 23. d4 exd4 24. exd4 Ne4 25. Qe3 Nf6 26. Kc2 Qxd4 27. Qxd4 Rxd4 28. Kc3 Re4 29. Kd3 Rb4 30. b3 Kg8 31. Be6+ Kf8 32. a3 Rb5 33. g4 Re5 34. Bf5 Ke7 35. Kd4 Kd6 36. h4 Rd5+ 37. Kc4 $138 1-0

[Event "Muensterland Verbandsklasse 2526"]
[Site "Germany"]
[Date "2026.04.25"]
[Round "8"]
[Board "8"]
[White "Gross Hardt, Jaime Josef"]
[Black "Huening, Matthias"]
[Result "0-1"]
[WhiteElo "1402"]
[BlackElo "1435"]
[WhiteFideId "-1"]
[BlackFideId "-1"]
[PlyCount "80"]
[GameId "2095107615425779"]
[EventDate "2025.??.??"]
[EventType "team-tourn"]
[EventRounds "9"]
[EventCountry "GER"]
[SourceTitle "Verband Muensterland"]
[SourceDate "2026.01.17"]
[SourceVersion "1"]
[SourceVersionDate "2026.01.17"]
[SourceQuality "1"]
[WhiteTeam "Bocholt II"]
[BlackTeam "Olfen"]
[WhiteTeamCountry "GER"]
[BlackTeamCountry "GER"]

1. e4 e5 2. Nf3 Nc6 3. Bb5 d6 4. d4 a6 5. Ba4 Bd7 6. d5 Na7 7. Bxd7+ Qxd7 8. c4 Qg4 9. O-O Qxe4 10. Qb3 O-O-O 11. Be3 Kb8 12. Nc3 Qf5 13. a4 Nf6 14. Nb5 Nc8 15. Qc3 Ne4 16. Qa5 Rd7 17. b4 Qf6 18. Nxc7 Rxc7 19. b5 Nc5 20. bxa6 Nxa6 21. Rfb1 Nc5 22. Qb5 Qe7 23. a5 Qd7 24. Qb4 Na6 25. Qb3 f5 26. Bb6 Nxb6 27. Qxb6 Kc8 28. Ng5 Rxc4 29. Rc1 Qc7 30. Qxc7+ Rxc7 31. Rxc7+ Nxc7 32. Rc1 Kd7 33. Rb1 Nxd5 34. Rxb7+ Kc8 35. a6 Nc7 36. Ra7 g6 37. Nf3 Bh6 38. Ne1 Kd7 39. Rb7 Ra8 40. a7 Kc8 0-1

[Event "Muensterland Verbandsklasse 2526"]
[Site "Germany"]
[Date "2026.04.25"]
[Round "8"]
[Board "1"]
[White "Hidding, Yannick"]
[Black "Pohl, Tim"]
[Result "1-0"]
[WhiteElo "1902"]
[BlackElo "1945"]
[WhiteFideId "-1"]
[BlackFideId "-1"]
[PlyCount "68"]
[GameId "2095106920076468"]
[EventDate "2025.??.??"]
[EventType "team-tourn"]
[EventRounds "9"]
[EventCountry "GER"]
[SourceTitle "Verband Muensterland"]
[SourceDate "2026.01.17"]
[SourceVersion "1"]
[SourceVersionDate "2026.01.17"]
[SourceQuality "1"]
[WhiteTeam "Billerbeck"]
[BlackTeam "Telgte"]
[WhiteTeamCountry "GER"]
[BlackTeamCountry "GER"]

1. d4 d6 2. Nf3 c6 3. c4 Nf6 4. Nc3 Bf5 5. e3 Nbd7 6. Bd3 Bg4 7. h3 Bh5 8. a3 e5 9. g4 Bg6 10. e4 exd4 11. Nxd4 Nc5 12. f3 Nfd7 13. Be3 Be7 14. Bc2 Bh4+ 15. Kd2 Ne5 16. Qe2 h5 17. f4 hxg4 18. hxg4 f6 19. Nf5 Bxf5 20. exf5 Qe7 21. fxe5 dxe5 22. Rad1 O-O-O+ 23. Kc1 Rxd1+ 24. Qxd1 Kc7 25. Kb1 b6 26. Qf3 Nb7 27. Bf2 Bxf2 28. Rxh8 Bd4 29. Ne2 Bc5 30. Rh1 Nd6 31. b4 Bd4 32. Nxd4 exd4 33. Bd3 a5 34. Qe2 Qf8 1-0

[Event "Muensterland Verbandsklasse 2526"]
[Site "Germany"]
[Date "2026.04.25"]
[Round "8"]
[Board "2"]
[White "Esser, Peter"]
[Black "Stegemann, Sven"]
[Result "1/2-1/2"]
[WhiteElo "1757"]
[BlackElo "1807"]
[WhiteFideId "-1"]
[BlackFideId "-1"]
[PlyCount "81"]
[GameId "2095107169440957"]
[EventDate "2025.??.??"]
[EventType "team-tourn"]
[EventRounds "9"]
[EventCountry "GER"]
[SourceTitle "Verband Muensterland"]
[SourceDate "2026.01.17"]
[SourceVersion "1"]
[SourceVersionDate "2026.01.17"]
[SourceQuality "1"]
[WhiteTeam "Telgte"]
[BlackTeam "Billerbeck"]
[WhiteTeamCountry "GER"]
[BlackTeamCountry "GER"]

1. d4 Nf6 2. c4 e6 3. Nf3 b6 4. a3 Bb7 5. Nc3 Be7 6. Bg5 Ne4 7. Bxe7 Qxe7 8. Nxe4 Bxe4 9. e3 O-O 10. Bd3 f5 11. O-O c5 12. Qe2 Nc6 13. Ne5 Rac8 14. Nxc6 Bxc6 15. dxc5 Qxc5 16. b4 Qe7 17. f3 Rf6 18. e4 f4 19. e5 Rh6 20. Be4 Qh4 21. h3 Kf7 22. Rfd1 Qe7 23. Bxc6 dxc6 24. Rd6 c5 25. Rad1 Rc7 26. Qd2 g5 27. Rd7 Rxd7 28. Qxd7 cxb4 29. axb4 a5 30. Qxe7+ Kxe7 31. bxa5 bxa5 32. Ra1 Kd7 33. Rxa5 Kc6 34. Kf2 Rg6 35. Ke2 Rg8 36. Ra6+ Kc5 37. Rxe6 Kxc4 38. Rh6 Rg7 39. e6 Kd5 40. Kf2 Kd6 41. g3 1/2-1/2

[Event "Muensterland Verbandsklasse 2526"]
[Site "Germany"]
[Date "2026.04.25"]
[Round "8"]
[Board "3"]
[White "Floeter, Volker"]
[Black "Dieckmann, Werner"]
[Result "1/2-1/2"]
[WhiteElo "1779"]
[BlackElo "1740"]
[WhiteFideId "-1"]
[BlackFideId "-1"]
[PlyCount "68"]
[GameId "2095107233178822"]
[EventDate "2025.??.??"]
[EventType "team-tourn"]
[EventRounds "9"]
[EventCountry "GER"]
[SourceTitle "Verband Muensterland"]
[SourceDate "2026.01.17"]
[SourceVersion "1"]
[SourceVersionDate "2026.01.17"]
[SourceQuality "1"]
[WhiteTeam "Billerbeck"]
[BlackTeam "Telgte"]
[WhiteTeamCountry "GER"]
[BlackTeamCountry "GER"]

1. Nf3 d5 2. c4 c6 3. b3 Nf6 4. g3 g6 5. Bb2 Bg7 6. Bg2 O-O 7. O-O b6 8. Ne5 Bb7 9. d4 Nbd7 10. Nd3 Ne4 11. f3 dxc4 12. bxc4 Nd6 13. Nd2 Nf5 14. e4 Ne3 15. Qe2 Nxf1 16. Rxf1 e6 17. e5 c5 18. Ba3 Qc7 19. Ne4 Bxe4 20. Qxe4 Rfe8 21. f4 cxd4 22. Qxd4 Rac8 23. Rc1 Bf8 24. Bd6 Bxd6 25. exd6 Qd8 26. Bb7 Rb8 27. Ba6 Qf6 28. Ne5 Red8 29. Rd1 Nc5 30. Bb5 a6 31. Bc6 h6 32. d7 Qe7 33. Kg2 Kh7 34. a4 h5 1/2-1/2

[Event "Muensterland Verbandsklasse 2526"]
[Site "Germany"]
[Date "2026.04.25"]
[Round "8"]
[Board "4"]
[White "Stepa, Rainer"]
[Black "Stalz, Manfred"]
[Result "1/2-1/2"]
[WhiteElo "1737"]
[BlackElo "1704"]
[WhiteFideId "-1"]
[BlackFideId "-1"]
[PlyCount "136"]
[GameId "2095107319190735"]
[EventDate "2025.??.??"]
[EventType "team-tourn"]
[EventRounds "9"]
[EventCountry "GER"]
[SourceTitle "Verband Muensterland"]
[SourceDate "2026.01.17"]
[SourceVersion "1"]
[SourceVersionDate "2026.01.17"]
[SourceQuality "1"]
[WhiteTeam "Telgte"]
[BlackTeam "Billerbeck"]
[WhiteTeamCountry "GER"]
[BlackTeamCountry "GER"]

1. e4 e6 2. d4 d5 3. exd5 exd5 4. Bd3 Nf6 5. h3 c5 6. dxc5 Bxc5 7. Nf3 O-O 8. O-O b6 9. Nbd2 Bb7 10. Nb3 Qc7 11. c3 Nbd7 12. Nbd4 a6 13. Be3 Rfe8 14. Re1 Ne4 15. Nf5 Bxe3 16. Nxe3 Ndf6 17. Qc2 Re7 18. Re2 Rae8 19. Rae1 Qf4 20. Qc1 Kf8 21. Ng4 Qxc1 22. Rxc1 Nxg4 23. hxg4 Nc5 24. Rxe7 Rxe7 25. Bc2 Bc8 26. Nh2 g6 27. Kf1 a5 28. b4 axb4 29. cxb4 Ba6+ 30. Kg1 Nd3 31. Rb1 Nxb4 32. Rxb4 Re1+ 33. Nf1 Rxf1+ 34. Kh2 Rxf2 35. Bb3 Bc4 36. Rxb6 Rb2 37. Rb7 d4 38. Rd7 Bxb3 39. axb3 Rxb3 40. Rxd4 Ke7 41. Rf4 Re3 42. Kg1 g5 43. Rf5 f6 44. Kf2 Re5 45. Rf3 Kf7 46. Ra3 Kg6 47. Ra6 Re4 48. Kg3 Rf4 49. Ra8 h5 50. gxh5+ Kxh5 51. Rh8+ Kg6 52. Kh3 Kf5 53. Ra8 Re4 54. Ra3 g4+ 55. Kg3 Kg5 56. Ra8 Re3+ 57. Kf2 Rb3 58. g3 Rf3+ 59. Kg2 f5 60. Ra5 Kf6 61. Rb5 Ra3 62. Kf2 Ra2+ 63. Kf1 Ra4 64. Kg2 f4 65. Rb6+ Ke5 66. gxf4+ Kxf4 67. Rf6+ Kg5 68. Rf8 Ra2+ 1/2-1/2

[Event "Muensterland Verbandsklasse 2526"]
[Site "Germany"]
[Date "2026.04.25"]
[Round "8"]
[Board "5"]
[White "Korschunow, Dennis"]
[Black "Rex, Dieter"]
[Result "1/2-1/2"]
[WhiteElo "1648"]
[BlackElo "1643"]
[WhiteFideId "-1"]
[BlackFideId "-1"]
[PlyCount "69"]
[GameId "2095107403830488"]
[EventDate "2025.??.??"]
[EventType "team-tourn"]
[EventRounds "9"]
[EventCountry "GER"]
[SourceTitle "Verband Muensterland"]
[SourceDate "2026.01.17"]
[SourceVersion "1"]
[SourceVersionDate "2026.01.17"]
[SourceQuality "1"]
[WhiteTeam "Billerbeck"]
[BlackTeam "Telgte"]
[WhiteTeamCountry "GER"]
[BlackTeamCountry "GER"]

1. d4 d5 2. Nc3 Bf5 3. f3 Nf6 4. g4 Bg6 5. h4 h6 6. Bf4 c6 7. e3 e6 8. Bd3 Bxd3 9. Qxd3 Bd6 10. Nge2 Qc7 11. O-O-O Na6 12. a3 O-O-O 13. g5 Nh5 14. Bxd6 Qxd6 15. g6 f6 16. e4 Kb8 17. Kb1 Nc7 18. Qe3 Ng3 19. Nxg3 Qxg3 20. h5 Rhe8 21. Rhg1 Qd6 22. f4 f5 23. e5 Qe7 24. Na4 Na6 25. Rd3 Ka8 26. Rc3 Rc8 27. b4 Qh4 28. Qf3 Nc7 29. Rh1 Qe7 30. Rb3 b6 31. Qd3 Nb5 32. Ka2 Red8 33. Rh3 Kb7 34. Nc3 Nxc3+ 35. Rxc3 1/2-1/2

[Event "Muensterland Verbandsklasse 2526"]
[Site "Germany"]
[Date "2026.04.25"]
[Round "8"]
[Board "6"]
[White "Kuhlenbaeumer, Alfred"]
[Black "Strumann, Kjartan Bjoern"]
[Result "0-1"]
[WhiteElo "1781"]
[BlackElo "1767"]
[WhiteFideId "-1"]
[BlackFideId "-1"]
[PlyCount "52"]
[GameId "2095107464140001"]
[EventDate "2025.??.??"]
[EventType "team-tourn"]
[EventRounds "9"]
[EventCountry "GER"]
[SourceTitle "Verband Muensterland"]
[SourceDate "2026.01.17"]
[SourceVersion "1"]
[SourceVersionDate "2026.01.17"]
[SourceQuality "1"]
[WhiteTeam "Telgte"]
[BlackTeam "Billerbeck"]
[WhiteTeamCountry "GER"]
[BlackTeamCountry "GER"]

1. e4 c5 2. Nc3 g6 3. Nf3 Bg7 4. d4 cxd4 5. Nxd4 Nc6 6. Be3 Nf6 7. Be2 O-O 8. Qd2 d5 9. Nxc6 bxc6 10. Rd1 e6 11. h4 h5 12. Bg5 Qb6 13. e5 Nd7 14. Na4 Qc7 15. f4 f6 16. exf6 Nxf6 17. Bxf6 Rxf6 18. O-O Bh6 19. g3 e5 20. Qc3 d4 21. Qc5 exf4 22. Qxd4 Rf8 23. Qd6 Qf7 24. Nc5 Bh3 25. Rf2 Rfe8 26. gxf4 Qf5 $138 0-1

[Event "Muensterland Verbandsklasse 2526"]
[Site "Germany"]
[Date "2026.04.25"]
[Round "8"]
[Board "7"]
[White "Bruins, Ludwig"]
[Black "Hofmann, Konrad"]
[Result "1/2-1/2"]
[WhiteElo "1618"]
[BlackElo "1158"]
[WhiteFideId "-1"]
[BlackFideId "-1"]
[PlyCount "45"]
[GameId "2095107553645802"]
[EventDate "2025.??.??"]
[EventType "team-tourn"]
[EventRounds "9"]
[EventCountry "GER"]
[SourceTitle "Verband Muensterland"]
[SourceDate "2026.01.17"]
[SourceVersion "1"]
[SourceVersionDate "2026.01.17"]
[SourceQuality "1"]
[WhiteTeam "Billerbeck"]
[BlackTeam "Telgte"]
[WhiteTeamCountry "GER"]
[BlackTeamCountry "GER"]

1. d4 d5 2. c4 c6 3. Nf3 Bf5 4. cxd5 cxd5 5. Nc3 Nf6 6. Bf4 Nc6 7. e3 e6 8. Bb5 a6 9. Bxc6+ bxc6 10. O-O Be7 11. Qa4 Qb6 12. Ne5 Rc8 13. Rfc1 O-O 14. Qb3 Qb4 15. Qxb4 Bxb4 16. a3 Bd6 17. b4 Bxe5 18. Bxe5 Nd7 19. Bd6 Rfe8 20. Na4 Bd3 21. Rc3 Bb5 22. Nc5 Nxc5 23. Bxc5 1/2-1/2

[Event "Muensterland Verbandsklasse 2526"]
[Site "Germany"]
[Date "2026.04.25"]
[Round "8"]
[Board "2"]
[White "Reinhold, Klaus"]
[Black "Terhorst, Timo"]
[Result "1/2-1/2"]
[WhiteElo "1773"]
[BlackElo "1644"]
[WhiteFideId "-1"]
[BlackFideId "-1"]
[PlyCount "46"]
[GameId "2095107169440957"]
[EventDate "2025.??.??"]
[EventType "team-tourn"]
[EventRounds "9"]
[EventCountry "GER"]
[SourceTitle "Verband Muensterland"]
[SourceDate "2026.01.17"]
[SourceVersion "1"]
[SourceVersionDate "2026.01.17"]
[SourceQuality "1"]
[WhiteTeam "Gronau II"]
[BlackTeam "Steinfurt II"]
[WhiteTeamCountry "GER"]
[BlackTeamCountry "GER"]

1. d4 Nf6 2. c4 Nc6 3. Nf3 e6 4. Nc3 Bb4 5. Qc2 d6 6. a3 Bxc3+ 7. Qxc3 d5 8. e3 O-O 9. b4 Bd7 10. Bd3 dxc4 11. Bxc4 Nd5 12. Qc2 f5 13. O-O Rc8 14. Qb3 Be8 15. Bd2 Bh5 16. b5 Bxf3 17. gxf3 Qg5+ 18. Kh1 Nxd4 19. exd4 Qxd2 20. Bxd5 exd5 21. Qxd5+ Kh8 22. Qxb7 Qxd4 23. Rad1 Qb6 1/2-1/2